000 00348 a2200157 4500
001 148563
040 _cEscola São Tomás de Aquino
100 _aGRUDZIEN, Heliana
240 1 0 _aTrenzinho de papel
_lpor
245 1 0 _aTrenzinho de papel
300 _a32
362 0 _a2010
440 1 _aCortez
697 _a*LITERATURA INFANTO
942 _cBK
999 _c148563
_d148563